Statistics for Taylor Swift - Anti-Hero Lyrics

Click here to take the quiz!

General Stats

  • This quiz has been taken 103 times
  • The average score is 282 of 321

Answer Stats

Answer% Correct
I
100%
(A
98%
a
98%
be
97%
it
97%
It
97%
its
97%
It's
97%
it's
97%
me
97%
The
97%
the
97%
anti-hero
95%
I'm
95%
in
95%
my
95%
problem
95%
for
94%
(For
94%
hi
94%
never
94%
time)
94%
at
92%
At
92%
but
92%
everybody
92%
Everybody
92%
must
92%
of
92%
on
92%
rooting
92%
She
92%
then
92%
agrees
90%
always
90%
And
90%
and
90%
have
90%
mirror
90%
old
90%
as
89%
dream
89%
is
89%
last
89%
this
89%
up
89%
all
87%
exhausting
87%
from
87%
I'll
87%
older
87%
screaming
87%
to
87%
wake
87%
When
87%
wiser
87%
you
87%
baby
86%
dreaming
86%
get
86%
left
86%
monster
86%
not
86%
sexy
86%
teatime
86%
thing
86%
day
84%
directly
84%
hear
84%
just
84%
like
84%
Like
84%
Midnights
84%
people
84%
some
84%
sun
84%
your
84%
you're
84%
become
83%
hill
83%
leaving
83%
One
83%
room
83%
should
83%
stare
83%
(Tale
83%
tale
83%
They
83%
watch
83%
where
83%
come
81%
depression
81%
feel
81%
I've
81%
Sometimes
81%
stand
81%
Too
81%
will
81%
with
81%
afternoons
79%
devices
79%
Hell"
79%
own
79%
there
79%
tired
79%
kind
78%
laughing
78%
money
78%
"She's
78%
them
78%
'Cause
76%
daughter
76%
end
76%
kills
76%
out
76%
thinks
76%
us
76%
works
76%
big
75%
crisis
75%
family
75%
ghosted
75%
got
75%
law
75%
gathers
73%
prices
73%
shift
73%
vices
73%
Did
71%
killed
71%
scheming
71%
graveyard
70%
hang
70%
heart
70%
narcissism
70%
city
68%
favorite
68%
screams
68%
life
65%
lose
65%
meaning
65%
'round
65%
altruism
63%
Pierced
63%
someone
63%
congressman?
62%
disguise
62%
through
62%
reads
60%
slowly
59%
toward
57%
covert
56%
lurching
49%

Score Distribution

Percentile by Number Answered

Percent of People with Each Score

Your Score History

You have not taken this quiz